000 00665nam a2200241 i 4500
001 C2-0296526
003 PPAK
005 20180728074853.0
008 090421s2006 xxka|||| ||||| | eng d
020 _a075546642X
040 _aPPAK
_beng
_cPPAK
_erda
082 0 4 _a030
_223
090 0 0 _a030
_bELD
_dRK
100 1 _aEldin, Peter,
_eauthor
245 1 0 _a500 fantastic facts
264 1 _aBath, United Kingdom :
_bSandcastle Books ,
_c2006
300 _a90 pages :
_bcolour illustrations ;
_c29 cm
336 _2rdacontent
_atext
337 _2rdamedia
_aunmediated
338 _2rdacarrier
_avolume
650 1 0 _aCuriosities and wonders
942 _ddc
_cB
999 _c100971
_d100971